| 000 | 00482nam a2200169Ia 4500 | ||
|---|---|---|---|
| 005 | 20250508160509.0 | ||
| 008 | 008 250505s9999 xx 000 0 hin d | ||
| 037 | _aBooks to be hide in OPAC | ||
| 040 |
_aFEDL _beng _cFEDL |
||
| 041 |
_ahin _2hin |
||
| 084 |
_a378, CHO/O _qFEDL |
||
| 100 |
_aChaube Saryu Parsad _9768638 |
||
| 245 | 0 | _aB. Ed pradarshika | |
| 260 |
_aAgra, India _bRam Prasad and Sons _c1969 |
||
| 942 |
_cHB _h378, CHO/O |
||
| 999 |
_c1364972 _d1364972 |
||